000 006520000a22001930004500
090 _aMM
_b00146
245 1 0 _aPresentaciones del fondo mexicano para la conservación de la naturaleza y areas protegidas (FMCN)
300 _bCD-ROM
650 1 4 _aOrganizaciones gubernamentales
_96772
650 1 4 _aPolítica ambiental
_992286
650 1 4 _aSistemas nacionales de áreas protegidas
_9100931
651 4 _pMéxico
_992749
041 0 _aEspañol
041 0 _aInglés
044 _aMéxico
110 1 _aFondo Mexicano para la Conservación de la Naturaleza y Areas Protegidas
_sFMCN
_9100932
260 _aMéxico D. F.
_bFMCN
_c2002
942 _cCD-ROM
999 _c16522
_d16522